Po desiatich rokoch transformácie

Prístupy k hodnoteniu doterajšieho priebehu transformácie. Formulácia problému transformácie bývalých socialistických krajín po desaťročnom vývoji. Proces adaptácie ekonomík transformujúcich sa krajín po znížení produktu a problém obnovy rovnováhy medzi zmenšeným produktom a spotrebou. Vplyv ekonomi...

Celý popis

Uložené v:
Podrobná bibliografia
Hlavný autor: Němec, Jaroslav
Médium: Kapitola
Jazyk:Slovak
Predmet:
Tagy: Pridať tag
Žiadne tagy, Buďte prvý, kto otaguje tento záznam!

MARC

LEADER 00000naa a2200000 4500
001 r043273
005 20230929074044.6
041 0 |a slo 
044 |a SK 
245 1 0 |a Po desiatich rokoch transformácie  |c Jaroslav Němec 
520 |a Prístupy k hodnoteniu doterajšieho priebehu transformácie. Formulácia problému transformácie bývalých socialistických krajín po desaťročnom vývoji. Proces adaptácie ekonomík transformujúcich sa krajín po znížení produktu a problém obnovy rovnováhy medzi zmenšeným produktom a spotrebou. Vplyv ekonomickej krízy na privatizáciu a zmeny systému v transformujúcich sa krajinách. 
610 2 0 |a transformácia 
610 2 0 |a Slovensko 
610 2 0 |a politika hospodárska 
610 2 0 |a reformy hospodárske 
610 2 0 |a SVE 
610 2 0 |a adaptácia 
610 2 0 |a liberalizácia 
610 2 0 |a spotreba 
610 2 0 |a rovnováha hospodárska 
610 2 0 |a kríza hospodárska 
610 2 0 |a privatizácia 
610 2 0 |a vzťahy vlastnícke 
100 1 |a Němec, Jaroslav